|
|
|
|
| LEADER |
00638nam a2200193 a 4500 |
| 005 |
20151028162101.0 |
| 008 |
960221s1955 dcuabcdjdbkoqu001 0deng d |
| 003 |
ViArRB |
| 082 |
|
|
|a 574.5263
|b M9
|
| 100 |
|
|
|a Boudou, Alan
|9 27214
|
| 245 |
|
|
|a Aquatic ecotoxicology : fundamental concepts and methodologies ( 2 Vols.)
|b :volume 1
|
| 653 |
|
|
|a
|
| 700 |
|
|
|a Ribeyre, Francis
|9 27213
|
| 942 |
|
|
|c REF
|6 _
|
| 942 |
|
|
|c REF
|
| 260 |
|
|
|a Florida,
|b CRC Press,
|c 1989
|
| 500 |
|
|
|a School of Marine Sciences
|
| 999 |
|
|
|c 74731
|d 74731
|
| 952 |
|
|
|0 0
|1 0
|2 ddc
|4 0
|6 574526_3M91
|7 0
|9 87155
|a SOS
|b SOS
|d 0000-00-00
|o 574.526 3 M9.1
|p MS006013
|r 2013-06-14
|w 2009-07-13
|y REF
|